<?xml version="1.0" encoding="UTF-8"?>
<record
    xmlns:xsi="http://www.w3.org/2001/XMLSchema-instance"
    xsi:schemaLocation="http://www.loc.gov/MARC21/slim http://www.loc.gov/standards/marcxml/schema/MARC21slim.xsd"
    xmlns="http://www.loc.gov/MARC21/slim">

  <leader>02107nam a2200397 a 4500</leader>
  <controlfield tag="001">000011500</controlfield>
  <controlfield tag="003">DO-SdBNP</controlfield>
  <controlfield tag="005">20210817083458.0</controlfield>
  <controlfield tag="008">091019t2005    dr ac         001 j spa d</controlfield>
  <datafield tag="020" ind1=" " ind2=" ">
    <subfield code="z">9993483285</subfield>
  </datafield>
  <datafield tag="040" ind1=" " ind2=" ">
    <subfield code="a">BPMSU</subfield>
    <subfield code="b">spa</subfield>
    <subfield code="c">BPMSU</subfield>
  </datafield>
  <datafield tag="082" ind1=" " ind2="4">
    <subfield code="a">RD863.4408</subfield>
    <subfield code="b">B846a</subfield>
  </datafield>
  <datafield tag="092" ind1=" " ind2=" ">
    <subfield code="a"> </subfield>
  </datafield>
  <datafield tag="245" ind1="0" ind2="0">
    <subfield code="a">Breve antolog&#xED;a del cuento dominicano /</subfield>
    <subfield code="c">Juan Bosch ... [et al.].</subfield>
  </datafield>
  <datafield tag="260" ind1=" " ind2=" ">
    <subfield code="a">Santo Domingo :</subfield>
    <subfield code="b">ABC,</subfield>
    <subfield code="c">2005.</subfield>
  </datafield>
  <datafield tag="300" ind1=" " ind2=" ">
    <subfield code="a">142 p. :</subfield>
    <subfield code="b">il., retrs. ;</subfield>
    <subfield code="c">22 cm.</subfield>
  </datafield>
  <datafield tag="505" ind1="0" ind2=" ">
    <subfield code="t">La mujer /</subfield>
    <subfield code="r">Juan Bosch --</subfield>
    <subfield code="t">La noche buena de Encarnaci&#xF3;n Mendoza /</subfield>
    <subfield code="r">Juan Bosch --</subfield>
    <subfield code="t">Los amos /</subfield>
    <subfield code="r">Juan Bosch --</subfield>
    <subfield code="t">El diablo ronda en los guayacanes /</subfield>
    <subfield code="r">S&#xF3;crates Nolasco --</subfield>
    <subfield code="t">En busca del enganche /</subfield>
    <subfield code="r">Ram&#xF3;n Marrero Aristy --</subfield>
    <subfield code="t">La ventana /</subfield>
    <subfield code="r">Hilma Contreras --</subfield>
    <subfield code="t">La enemiga /</subfield>
    <subfield code="r">Virgilio D&#xED;az Grull&#xF3;n --</subfield>
    <subfield code="t">Ratones /</subfield>
    <subfield code="r">Virgilio D&#xED;az Grull&#xF3;n --</subfield>
    <subfield code="t">El gato /</subfield>
    <subfield code="r">Armando Alm&#xE1;nzar Rodr&#xED;guez --</subfield>
    <subfield code="t">La f&#xE9;rtil agon&#xED;a del amor /</subfield>
    <subfield code="r">Marcio V&#xE9;loz Maggiolo --</subfield>
    <subfield code="t">Ahora que vuelvo, Ton /</subfield>
    <subfield code="r">Ren&#xE9; del Risco Berm&#xFA;dez --</subfield>
    <subfield code="t">Delicatessen /</subfield>
    <subfield code="r">Miguel Afonseca --</subfield>
    <subfield code="t">Envidia /</subfield>
    <subfield code="r">Jeannette Miller --</subfield>
    <subfield code="t">Los muchachos del Memphis /</subfield>
    <subfield code="r">Pedro Peix --</subfield>
    <subfield code="t">Masticar una rosa /</subfield>
    <subfield code="r">&#xC1;ngela Hern&#xE1;ndez --</subfield>
    <subfield code="g">Ap&#xE9;ndices :</subfield>
    <subfield code="t">Apuntes sobre el arte de escribir cuentos /</subfield>
    <subfield code="r">Juan Bosch --</subfield>
    <subfield code="t">Apuntes sobre la cuent&#xED;stica de Virgilio D&#xED;az Grull&#xF3;n /</subfield>
    <subfield code="r">&#xC1;ngela Hern&#xE1;ndez --</subfield>
  </datafield>
  <datafield tag="650" ind1=" " ind2="4">
    <subfield code="a">Cuentos dominicanos </subfield>
    <subfield code="x">Colecciones </subfield>
  </datafield>
  <datafield tag="650" ind1=" " ind2="4">
    <subfield code="a">Literatura dominicana </subfield>
  </datafield>
  <datafield tag="700" ind1="1" ind2=" ">
    <subfield code="a">Bosch, Juan,</subfield>
    <subfield code="d">1909-2001</subfield>
    <subfield code="9">1</subfield>
  </datafield>
  <datafield tag="700" ind1="1" ind2=" ">
    <subfield code="a">Nolasco, S&#xF3;crates,</subfield>
    <subfield code="d">1884-1980</subfield>
  </datafield>
  <datafield tag="700" ind1="1" ind2=" ">
    <subfield code="a">Marrero Aristy, Ram&#xF3;n,</subfield>
    <subfield code="d">1913-1959</subfield>
  </datafield>
  <datafield tag="700" ind1="1" ind2=" ">
    <subfield code="a">Contreras, Hilma,</subfield>
    <subfield code="d">1913-2006</subfield>
  </datafield>
  <datafield tag="700" ind1="1" ind2=" ">
    <subfield code="a">D&#xED;az Grull&#xF3;n, Virgilio,</subfield>
    <subfield code="d">1924-2001</subfield>
  </datafield>
  <datafield tag="700" ind1="1" ind2=" ">
    <subfield code="a">Alm&#xE1;nzar Rodr&#xED;guez, Armando,</subfield>
    <subfield code="d">1935-</subfield>
  </datafield>
  <datafield tag="700" ind1="1" ind2=" ">
    <subfield code="a">Veloz Maggiolo, Marcio,</subfield>
    <subfield code="d">1936-</subfield>
  </datafield>
  <datafield tag="700" ind1="1" ind2=" ">
    <subfield code="a">Risco Berm&#xFA;dez, Ren&#xE9; del,</subfield>
    <subfield code="d">1937-1972</subfield>
  </datafield>
  <datafield tag="700" ind1="1" ind2=" ">
    <subfield code="a">Alfonseca, Miguel,</subfield>
    <subfield code="d">1942-1994</subfield>
  </datafield>
  <datafield tag="700" ind1="1" ind2=" ">
    <subfield code="a">Miller, Jeannette,</subfield>
    <subfield code="d">1944-</subfield>
  </datafield>
  <datafield tag="700" ind1="1" ind2=" ">
    <subfield code="a">Peix, Pedro,</subfield>
    <subfield code="d">1952-</subfield>
  </datafield>
  <datafield tag="700" ind1="1" ind2=" ">
    <subfield code="a">Hern&#xE1;ndez, &#xC1;ngela,</subfield>
    <subfield code="d">1954-</subfield>
  </datafield>
  <datafield tag="910" ind1=" " ind2=" ">
    <subfield code="a">Validado. Control de calidad EMS.</subfield>
  </datafield>
  <datafield tag="942" ind1=" " ind2=" ">
    <subfield code="2">ddc</subfield>
    <subfield code="c">BK</subfield>
  </datafield>
  <datafield tag="945" ind1=" " ind2=" ">
    <subfield code="a">Remanejado para BNPHU / 2017 VM</subfield>
  </datafield>
  <datafield tag="952" ind1=" " ind2=" ">
    <subfield code="0">0</subfield>
    <subfield code="1">0</subfield>
    <subfield code="2">ddc</subfield>
    <subfield code="4">0</subfield>
    <subfield code="7">0</subfield>
    <subfield code="8">CD</subfield>
    <subfield code="a">BPMET</subfield>
    <subfield code="b">BPMET</subfield>
    <subfield code="d">2015-06-23</subfield>
    <subfield code="l">0</subfield>
    <subfield code="o">863.4408   B846s </subfield>
    <subfield code="p">BPMSU15060140</subfield>
    <subfield code="r">2015-06-23</subfield>
    <subfield code="w">2015-06-23</subfield>
    <subfield code="y">BK</subfield>
  </datafield>
  <datafield tag="956" ind1=" " ind2=" ">
    <subfield code="a">VMATEO</subfield>
    <subfield code="b">10</subfield>
    <subfield code="c">20150623</subfield>
    <subfield code="l">BPMSU</subfield>
  </datafield>
  <datafield tag="999" ind1=" " ind2=" ">
    <subfield code="c">7933</subfield>
    <subfield code="d">7933</subfield>
  </datafield>
</record>
